La Santa Biblia que contiene los sagrados libros del Antiguo y Nuevo Testamento / (Record no. 152086)

MARC details
000 -LEADER
campo de control de longitud fija 00810nam a22001935i 4500
001 - NÚMERO DE CONTROL
campo de control 152086
003 - IDENTIFICADOR DE NÚMERO DE CONTROL
campo de control ES-MaACL
005 - FECHA Y HORA DE LA ÚLTIMA TRANSACCIÓN
campo de control 20250819002058.0
008 - DATOS DE LONGITUD FIJA--INFORMACIÓN GENERAL
campo de control de longitud fija 010208s1877 sp |||| | spa d
130 0# - ENTRADA PRINCIPAL--TÍTULO UNIFORME
Título uniforme Biblia.
Lenguaje de la obra Español
9 (RLIN) 119282
245 13 - MENCIÓN DEL TÍTULO
Título La Santa Biblia que contiene los sagrados libros del Antiguo y Nuevo Testamento /
Mención de responsabilidad, etc. antigua versión de Cipriano de Valera ; cotejada con diversas traducciones y revisada con arreglo a los originales hebreo y griego.
260 ## - PUBLICACIÓN, DISTRIBUCIÓN, ETC.
Lugar de publicación, distribución, etc. Madrid :
Nombre del editor, distribuidor, etc. Se hallará en el Depósito Central de la Sociedad Bíblica, B. y E.,
Fecha de publicación, distribución, etc. 1877 (
Fabricante Imp. de J. Cruzado)
300 ## - DESCRIPCIÓN FÍSICA
Extensión 1582 p. ;
Dimensiones 29 cm.
597 ## - NOTA DE DESCRIPCIÓN FÍSICA
NOTA DE DESCRIPCIÓN FÍSICA Texto a dos col.
597 ## - NOTA DE DESCRIPCIÓN FÍSICA
NOTA DE DESCRIPCIÓN FÍSICA Texto enmarcado.
700 1# - ENTRADA AGREGADA--NOMBRE PERSONAL
Nombre de persona Valera, Cipriano de.
9 (RLIN) 112636
852 ## - LOCALIZACIÓN
Ubicación ES-MaACL
Número de control de estantería G-12251
Nota libre - Enc. piel
Holdings
Estatus retirado Estado de pérdida Estado de daño No para préstamo Colección Biblioteca de origen Biblioteca actual Ubicación en estantería Fecha de adquisición Fuente de adquisición Total de préstamos Signatura topográfica completa Código de barras Visto por última vez Precio de reemplazo Tipo de ítem Koha
        Libros del s. XIX Biblioteca del Ateneo de Madrid Biblioteca del Ateneo de Madrid Sala Pecera Planta 3 17/01/2008     G-12251 1158754 23/02/2023 23/02/2023 Libro impreso antiguo